01345nam a2200325 a 4500001001000000003000900010005001700019008004100036020001500077040002500092082002000117100003500137245011000172260005000282300002800332490002900360490003200389504003200421650004500453650006300498650004600561700002600607830003600633830003900669910004200708942001400750952011700764952012300881999001501004000007040DO-SdBNP20250509134000.0090904s2002 pr r 000 0 spa d a1881715760 aDO-SdBNPbspacBNPHU a371.9046bT693e1 aTorres Medrano, Luis M.91955010aEstrategias de intervención para la inclusión /cLuis M. Torres Medrano ; corrección Carmen Turull. aSan Juan ,aPuerto Rico :bIsla Negra,c2002. a376 p. :bil. ;c22 cm.1 aAcademia contemporánea1 aEl derecho a la inclusión aBibliografía : p. 368-376 4aEducación especialzPuerto Rico919551 4aIntegración a la educación regularzPuerto Rico919552 0aEducación inclusivazPuerto Rico9852731 aTurull, Carmen919554 0aAcademia contemporánea917694 3aEl Derecho a la Inclusión919555 aValidado. Control de calidad. MMOLINA 2ddccLBS1 001050718MOaPDbPDcHDd2009-09-04iLF1l0o371.9046 T693ep7040-10r2020-06-25w2020-06-25y1ZNo se presta 001050718MOaPDbPDcHDd2009-09-04iLF1l0o371.9046 T693ep7040-20r2020-06-25te. 2w2020-06-25y1ZNo se presta c6823d6823